[Event "POL-chT3 Kujawsko Pomorskie 1314"]
[Site "Poland"]
[Date "2013.??.??"]
[Round "1.9"]
[White "Kozakiewicz, Gracjan"]
[Black "Grzenkowicz, Przemyslaw"]
[Result "0-1"]
[WhiteElo "1577"]
[BlackElo "1833"]
[PlyCount "100"]
[EventDate "2013.11.03"]
[EventType "team-tourn"]
[EventRounds "11"]
[EventCountry "POL"]
[SourceTitle "EXT 2015"]
[Source "ChessBase"]
[SourceDate "2014.11.20"]
[SourceVersion "1"]
[SourceVersionDate "2014.11.20"]
[SourceQuality "1"]
[WhiteTeam "Bydgoszcz Hetman"]
[BlackTeam "Bydgoszcz Wiartrak"]
[WhiteTeamCountry "POL"]
[BlackTeamCountry "POL"]

1. d4 Nf6 2. Nf3 d5 3. Bg5 Bf5 4. e3 Nbd7 5. c4 e6 6. Nc3 c6 7. Be2 Qb6 8. Qb3 Qxb3 9. axb3 Bc2 10. Nd2 Bb4 11. Rc1 Bf5 12. Bxf6 Nxf6 13. f3 h5 14. 0-0 0-0 15. Rfe1 Rfe8 16. Bd1 e5 17. dxe5 Rxe5 18. cxd5 cxd5 19. f4 Re7 20. Bf3 Rd8 21. Nf1 h4 22. Red1 Bxc3 23. bxc3 Bg4 24. c4 Bxf3 25. gxf3 Red7 26. c5 d4 27. Rc4 dxe3 28. Rxd7 Rxd7 29. Nxe3 Rd3 30. Nf5 Rxb3 31. Nxh4 a5 32. Kf2 Rb4 33. Rxb4 axb4 34. Ke2 Nd7 35. Nf5 Nxc5 36. Nd6 Kf8 37. h4 Ke7 38. Nc4 Na4 39. Kd2 b3 40. Kc1 Ke6 41. Kb1 Kd5 42. Na5 Nc5 43. Kb2 Kd4 44. h5 f5 45. Ka3 Kc3 46. h6 gxh6 47. Nc6 b2 48. Nb4 b1N+ 49. Ka2 Kxb4 50. Kxb1 Kc3 0-1

[Event "POL-chT3 Kujawsko Pomorskie 1213"]
[Site "Poland"]
[Date "2012.12.02"]
[Round "3.3"]
[White "Grzenkowicz, Przemyslaw"]
[Black "Cichocki, Konrad"]
[Result "0-1"]
[WhiteElo "1852"]
[BlackElo "1979"]
[PlyCount "80"]
[EventDate "2012.11.04"]
[EventType "team-tourn"]
[EventRounds "11"]
[EventCountry "POL"]
[SourceTitle "EXT 2015"]
[Source "ChessBase"]
[SourceDate "2014.11.20"]
[SourceVersion "1"]
[SourceVersionDate "2014.11.20"]
[SourceQuality "1"]
[WhiteTeam "Bydgoszcz Wiartrak"]
[BlackTeam "Wloclawek 1938"]
[WhiteTeamCountry "POL"]
[BlackTeamCountry "POL"]

1. Nf3 Nf6 2. d4 e6 3. c4 b6 4. e3 Bb7 5. Bd3 Bb4+ 6. Nbd2 0-0 7. 0-0 Bxd2 8. Bxd2 Ne4 9. Bb4 d6 10. Qc2 f5 11. Rad1 Nd7 12. Nd2 c5 13. Ba3 Nxd2 14. Rxd2 Qg5 15. f4 Qg4 16. d5 exd5 17. Be2 Qg6 18. cxd5 Nf6 19. Bf3 Rfe8 20. Qc3 Ne4 21. Bxe4 Rxe4 22. Rf3 b5 23. b4 a5 24. bxc5 b4 25. Qb3 dxc5 26. Rg3 Qf7 27. Bc1 Rd8 28. d6 c4 29. Qa4 c3 30. Qxa5 Qd7 31. Rd1 Ra8 32. Qc7 Qxc7 33. dxc7 Rxa2 34. Rd8+ Kf7 35. Rb8 Ba6 36. Ra8 Rc4 37. Ra7 Kf6 38. Rxg7 b3 39. Rxh7 Bc8 40. Ba3 b2 0-1

[Event "POL-chT3 Kujawsko Pomorskie 1011"]
[Site "Poland"]
[Date "2011.01.23"]
[Round "5.20"]
[White "Licznerski, Lukasz"]
[Black "Grzenkowicz, Przemyslaw"]
[Result "1-0"]
[WhiteElo "2103"]
[BlackElo "1876"]
[PlyCount "47"]
[EventDate "2010.11.07"]
[EventType "team-tourn"]
[EventRounds "11"]
[EventCountry "POL"]
[SourceTitle "EXT 2019"]
[Source "ChessBase"]
[SourceDate "2018.10.10"]
[SourceVersion "1"]
[SourceVersionDate "2018.10.10"]
[SourceQuality "1"]

1. e4 c5 2. Nf3 Nc6 3. d4 cxd4 4. Nxd4 Nf6 5. Nc3 e6 6. Ndb5 d6 7. Bf4 e5 8. Bg5 a6 9. Na3 Be7 10. Nc4 Nd4 11. Bxf6 Bxf6 12. Nd5 0-0 13. c3 Bg4 14. Qxg4 Nc2+ 15. Kd2 Nxa1 16. Bd3 Bg5+ 17. Nce3 Nb3+ 18. axb3 a5 19. Bb5 Rc8 20. h4 Bxe3+ 21. fxe3 Rc5 22. c4 a4 23. b4 Rc8 24. Qxc8 1-0

[Event "POL-chT4 Kujawsko Pomorskie 0910"]
[Site "Poland"]
[Date "2010.01.10"]
[Round "5.6"]
[White "Grzenkowicz, Przemyslaw"]
[Black "Wierzbicki, Slawomir"]
[Result "1/2-1/2"]
[WhiteElo "1911"]
[BlackElo "2010"]
[PlyCount "106"]
[EventDate "2009.11.08"]
[EventType "team-swiss"]
[EventRounds "11"]
[EventCountry "POL"]
[SourceTitle "EXT 2020"]
[Source "ChessBase"]
[SourceDate "2019.10.17"]
[SourceVersion "1"]
[SourceVersionDate "2019.10.17"]
[SourceQuality "1"]

1. d4 Nf6 2. c4 c5 3. d5 b5 4. e3 bxc4 5. Bxc4 g6 6. b3 Bg7 7. Bb2 0-0 8. Nf3 d6 9. 0-0 Nbd7 10. Re1 Nb6 11. Bb5 Bb7 12. e4 a6 13. Bd3 Qc7 14. Nbd2 a5 15. Rc1 Rfc8 16. Rc2 Qd7 17. a4 Ba6 18. Qe2 Bxd3 19. Qxd3 Rcb8 20. Nc4 Nxc4 21. Qxc4 Rb4 22. Qd3 Qb7 23. Nd2 Bh6 24. Bxf6 exf6 25. Qg3 Bxd2 26. Rxd2 Qe7 27. Qf3 Rab8 28. Rd3 Qe5 29. g3 c4 30. bxc4 Rxc4 31. Rb3 Rxb3 32. Qxb3 Rb4 33. Qc2 f5 34. f3 Qd4+ 35. Qf2 Rxa4 36. exf5 Qxf2+ 37. Kxf2 gxf5 38. Re8+ Kg7 39. Rd8 Kf6 40. Rxd6+ Ke5 41. Rd7 Ra2+ 42. Ke3 Ra3+ 43. Ke2 Ra2+ 44. Ke3 Rxh2 45. Rxf7 a4 46. d6 Kxd6 47. Rxf5 a3 48. Ra5 Ra2 49. Kf4 Ra1 50. g4 a2 51. Kg5 Rf1 52. Rxa2 Rxf3 53. Kh6 Rh3+ 1/2-1/2

[Event "POL-chT3 Kujawsko Pomorskie 0809"]
[Site "Poland"]
[Date "2009.03.15"]
[Round "10.20"]
[White "Grzenkowicz, Przemyslaw"]
[Black "Rak, Tomasz"]
[Result "1/2-1/2"]
[WhiteElo "1906"]
[BlackElo "2066"]
[PlyCount "113"]
[EventDate "2008.11.09"]
[EventType "team-tourn"]
[EventRounds "11"]
[EventCountry "POL"]
[SourceTitle "EXT 2019"]
[Source "ChessBase"]
[SourceDate "2018.10.10"]
[SourceVersion "1"]
[SourceVersionDate "2018.10.10"]
[SourceQuality "1"]

1. d4 Nf6 2. Nf3 c5 3. d5 e6 4. c4 exd5 5. cxd5 d6 6. Nc3 Na6 7. e4 Nc7 8. h3 Be7 9. Bd3 0-0 10. 0-0 b5 11. b3 b4 12. Ne2 Nd7 13. Bb2 Bf6 14. Qc2 h6 15. Ng3 Bxb2 16. Qxb2 Qf6 17. Qxf6 Nxf6 18. Rfe1 g6 19. Bc4 Rd8 20. Rad1 Bb7 21. Nh2 a5 22. Ng4 Nxg4 23. hxg4 Rd7 24. f4 Rad8 25. Kf2 Kg7 26. f5 Re8 27. Re3 Re5 28. Rde1 Ba6 29. Bxa6 Nxa6 30. Ne2 Kf6 31. Nf4 Nc7 32. Rh1 Rde7 33. Kf3 Kg7 34. Rhe1 Re8 35. Nd3 R5e7 36. e5 Nxd5 37. f6+ Nxf6 38. exf6+ Kxf6 39. Rxe7 Rxe7 40. Rxe7 Kxe7 41. Ke4 Kf6 42. Kd5 Kg5 43. Kxd6 Kxg4 44. Ne5+ Kg3 45. Nxf7 c4 46. bxc4 a4 47. c5 b3 48. axb3 axb3 49. c6 b2 50. c7 b1Q 51. c8Q Qd3+ 52. Ke7 Kxg2 53. Qc6+ Kg3 54. Nxh6 Qe3+ 55. Kf7 Qxh6 56. Qxg6+ Qxg6+ 57. Kxg6 1/2-1/2

[Event "POL-chT3 Kujawsko Pomorskie 0809"]
[Site "Poland"]
[Date "2009.03.01"]
[Round "9.20"]
[White "Konieczynski, Piotr"]
[Black "Grzenkowicz, Przemyslaw"]
[Result "1-0"]
[WhiteElo "1946"]
[BlackElo "1906"]
[PlyCount "51"]
[EventDate "2008.11.09"]
[EventType "team-tourn"]
[EventRounds "11"]
[EventCountry "POL"]
[SourceTitle "EXT 2019"]
[Source "ChessBase"]
[SourceDate "2018.10.10"]
[SourceVersion "1"]
[SourceVersionDate "2018.10.10"]
[SourceQuality "1"]

1. d4 d5 2. c4 e6 3. Nf3 Nf6 4. Nc3 Be7 5. Bf4 c6 6. e3 0-0 7. h3 Nbd7 8. Rc1 Re8 9. Bd3 Nf8 10. 0-0 Ng6 11. Bh2 Bd6 12. Ne5 a6 13. Nxg6 Bxh2+ 14. Kxh2 hxg6 15. Kg1 e5 16. cxd5 exd4 17. exd4 Nxd5 18. Nxd5 Qxd5 19. Bc4 Qg5 20. Qb3 Qf6 21. Rfe1 Rxe1+ 22. Rxe1 b5 23. Bxf7+ Kh7 24. Re8 Qxd4 25. Qg3 Qf6 26. Bxg6+ 1-0

[Event "POL-chT3 Kujawsko Pomorskie 0809"]
[Site "Poland"]
[Date "2009.02.08"]
[Round "7.26"]
[White "Bartosik, Piotr1111"]
[Black "Grzenkowicz, Przemyslaw"]
[Result "1-0"]
[WhiteElo "1984"]
[BlackElo "1906"]
[PlyCount "97"]
[EventDate "2008.11.09"]
[EventType "team-tourn"]
[EventRounds "11"]
[EventCountry "POL"]
[SourceTitle "EXT 2019"]
[Source "ChessBase"]
[SourceDate "2018.10.10"]
[SourceVersion "1"]
[SourceVersionDate "2018.10.10"]
[SourceQuality "1"]

1. e4 c5 2. Nf3 Nc6 3. d4 cxd4 4. Nxd4 Nf6 5. Nc3 e6 6. Ndb5 d6 7. Bf4 e5 8. Bg5 a6 9. Na3 b5 10. Nd5 Qa5+ 11. Bd2 Qd8 12. Be3 Nxd5 13. exd5 Ne7 14. c4 Nf5 15. Bd2 g6 16. cxb5 Bg7 17. bxa6 0-0 18. Qa4 Nd4 19. b4 e4 20. Rb1 Re8 21. Be3 Nf5 22. Bb5 Nxe3 23. fxe3 Bc3+ 24. Kd1 Bg4+ 25. Kc2 Re5 26. Kxc3 Rxd5 27. Bc4 Rc8 28. Rhd1 Rxd1 29. Rxd1 Bxd1 30. Qxd1 d5 31. Qd4 Qg5 32. Kb3 dxc4+ 33. Nxc4 Qxg2 34. b5 Qe2 35. a7 Qe1 36. Qxe4 Qd1+ 37. Qc2 Qd5 38. a4 Qb7 39. b6 Rxc4 40. a8Q+ Qxa8 41. Qxc4 Qh1 42. Kb4 Qe1+ 43. Kb5 Qxe3 44. b7 Qe8+ 45. Qc6 Qe5+ 46. Kb6 Qd4+ 47. Ka6 Qd3+ 48. Ka7 Qd4+ 49. Ka8 1-0

[Event "POL-chT3 Kujawsko Pomorskie 0809"]
[Site "Poland"]
[Date "2008.12.21"]
[Round "4.1"]
[White "Borgula, Rafal"]
[Black "Grzenkowicz, Przemyslaw"]
[Result "1-0"]
[WhiteElo "2282"]
[BlackElo "1906"]
[PlyCount "51"]
[EventDate "2008.11.09"]
[EventType "team-tourn"]
[EventRounds "11"]
[EventCountry "POL"]
[SourceTitle "EXT 2019"]
[Source "ChessBase"]
[SourceDate "2018.10.10"]
[SourceVersion "1"]
[SourceVersionDate "2018.10.10"]
[SourceQuality "1"]

1. d4 d5 2. Nf3 Nf6 3. c4 e6 4. Nc3 c6 5. e3 Bd6 6. Bd3 Nbd7 7. 0-0 0-0 8. e4 dxe4 9. Nxe4 Nxe4 10. Bxe4 Nf6 11. Bc2 h6 12. b3 Qc7 13. Qd3 c5 14. Bb2 cxd4 15. Qxd4 Rd8 16. Qh4 e5 17. Rfe1 Re8 18. h3 b5 19. Bd3 b4 20. Rac1 Qc5 21. Re3 Bb7 22. Rce1 Bxf3 23. Rxf3 Re7 24. Rxf6 gxf6 25. Qxh6 Ree8 26. Bh7+ 1-0